• 首页
  • 本馆介绍
  • 公告通知
  • 最新文献
  • 馆藏检索
  • 电子资源
  • 读者导购
  • 参考咨询
  • 我的图书馆
  • 登录
  • 详细信息显示
  • 放入我的书架
  • 预约/预借图书
  • 作者相关作品
  • 分类相关作品
  • 丛书相关作品
  • 出版社相关作品

书目信息

  • 表格格式
  • 工作单格式
  • 卡片格式
题名:
磁性玻璃
    
 
作者: 英K.穆加尼 , 爱尔兰J.M.D.科埃 著 ;王荫君 , 詹文山 , 赵见高 , 李国栋 译
分册:  
出版信息: 北京   科学出版社  1992
页数: 557页
开本: 19cm
丛书名:
单 册:
中图分类: TM271
科图分类:
主题词: 铁氧体 , 磁性材料
电子资源:
ISBN: 7-03-003008-7
000 00886nam0 2200253 450
001 0735592734
005 20070906095312.73
010    @a7-03-003008-7@d¥17.50
100    @a20070906d km y0chiy0120 ea
101 0  @achi
200 1  @a磁性玻璃@Aci xing bo li@f[英]K.穆加尼,[爱尔兰]J.M.D.科埃著@F[ying]K.mu jia ni,[ai er lan]J.M.D.ke ai zhu@g赵见高,詹文山,王荫君,李国栋译@Gzhao jian gao,zhan wen shan,wang yin jun,li guo dong yi
210    @a北京@c科学出版社@d1992
215    @a557页@d19cm
606 0  @a铁氧体
606 0  @a磁性材料
690    @aTM271@v3
701  0 @a英K.穆加尼@Aying K.mu jia ni@4著
701  0 @a爱尔兰J.M.D.科埃@Aai er lan J.M.D.ke ai@4著
702  0 @a王荫君@Awang yin jun@4译
702  0 @a詹文山@Azhan wen shan@4译
702  0 @a赵见高@Azhao jian gao@4译
702  0 @a李国栋@Ali guo dong@4译
801  0 @aCN@bPFT@c20070906
905    @a213230@dTM271@eP18@f1
    
    磁性玻璃/[英]K.穆加尼,[爱尔兰]J.M.D.科埃著/赵见高,詹文山,王荫君,李国栋译.-北京:科学出版社,1992
    557页;19cm
    
    
    ISBN 7-03-003008-7:¥17.50
    
●
相关链接 在E读中查询图书 在五车中查询图书 在当当中查询图书 在豆瓣中查询图书


正题名:磁性玻璃     索取号:TM271/P18         预约/预借

序号 登录号 条形码 馆藏地/架位号 状态 备注
1 7200092   272000924   密集书库-物理学院/ [索取号:TM271/P18] 在馆    
唐山师范学院图书馆 欢迎您!
大连网信软件有限公司© 版权所有